000 01271nam a22003617a 4500
001 0044044
003 KOHA_MİRAKIL
005 20260207003412.0
007 ta
008 130730b2016 tu |||gr||||#||||0|tur |
020 _a9789754587005
040 _aTR-BiSEU
_btur
_cTR-BiSEU
_erda
041 0 _atur
044 _ctu
050 _aB3144
_b.S36 2016
100 1 _aSchopenhauer, Arthur.
240 1 0 _lTürkçe
245 1 _aYaşam bilgeliği üzerine aforizmalar/
_cArthur Schopenhauer ; Arthur Schopenhauer ; Almanca aslından çeviren, Mustafa Tüzel..
250 _a14. Basım
264 1 _aİstanbul :
_bTürkiye İş Bankası Kültür Yayınları
_c2016
300 _a222 sayfa ;
_c22 cm.
336 _ametin
_btxt
_2rdacontent
337 _aaracısız
_bn
_2rdamedia
338 _acilt
_bnc
_2rdacarrier
490 1 _aTürkiye İş Bankası kültür yayınları genel yayın ;
_v863.
490 1 _aHasan Ali Yücel klasikler dizisi ;
_vXXII
500 _aÖzgün adı: Aphorismen zur Lebensweisheit.
650 0 _aMaxims.
_982100
650 0 _aConduct of life.
_910273
830 1 _aTürkiye İş Bankası kültür yayınları genel yayın ;
_v863.
_97393
830 1 _aHasan Ali Yücel klasikler dizisi ;
_vXXII
_943692
942 _2lcc
_cBK
999 _c43848
_d43848